The Maintenance of brick and stone masonry structures / (Record no. 1772)

000 -LEADER
fixed length control field 00396 a2200121 4500
020 ## - INTERNATIONAL STANDARD BOOK NUMBER
International Standard Book Number 0419149309 (HB)
020 ## - INTERNATIONAL STANDARD BOOK NUMBER
International Standard Book Number 0442311664 (USA)
082 ## - DEWEY DECIMAL CLASSIFICATION NUMBER
Classification number 693.1 SOW
245 ## - TITLE STATEMENT
Title The Maintenance of brick and stone masonry structures /
Statement of responsibility, etc. edited by A.M. Sowden.
250 ## - EDITION STATEMENT
Edition statement 1st ed.
260 ## - PUBLICATION, DISTRIBUTION, ETC.
Place of publication, distribution, etc. London ;
-- New York :
Name of publisher, distributor, etc. E. & F.N. Spon,
Date of publication, distribution, etc. 1990.
300 ## - PHYSICAL DESCRIPTION
Extent xxviii, 372 p. :
Other physical details ill. ;
Dimensions 25 cm.
650 ## - SUBJECT ADDED ENTRY--TOPICAL TERM
Topical term or geographic name entry element Masonry
General subdivision Maintenance and repair.
Holdings
Withdrawn status Lost status Damaged status Not for loan Permanent Location Current Location Shelving location Date acquired Total Checkouts Full call number Barcode Date last seen Price effective from Koha item type
        School of Civil and Environmental Engineering (SCEE) School of Civil and Environmental Engineering (SCEE)       693.1 SOW NIT-3999 01/05/2017 01/05/2017 Book
        School of Civil and Environmental Engineering (SCEE) School of Civil and Environmental Engineering (SCEE)         NIT-661 01/05/2017 01/05/2017 Book
© 2023 Central Library, National University of Sciences and Technology. All Rights Reserved.